| 000 -LEADER |
| fixed length control field |
03491mam a22003854a 4500 |
| 001 - CONTROL NUMBER |
| control field |
2431884 |
| 003 - CONTROL NUMBER IDENTIFIER |
| control field |
OSt |
| 005 - DATE AND TIME OF LATEST TRANSACTION |
| control field |
20211118112829.0 |
| 008 - FIXED-LENGTH DATA ELEMENTS--GENERAL INFORMATION |
| fixed length control field |
990916s2000 flu b 001 0 eng |
| 010 ## - LIBRARY OF CONGRESS CONTROL NUMBER |
| LC control number |
99048036 |
| 020 ## - INTERNATIONAL STANDARD BOOK NUMBER |
| International Standard Book Number |
9781420073621 |
| 035 ## - SYSTEM CONTROL NUMBER |
| System control number |
(OCoLC)ocm42454286 |
| 038 ## - RECORD CONTENT LICENSOR |
| Staff Name |
khadija |
| 040 ## - CATALOGING SOURCE |
| Original cataloging agency |
DLC |
| Transcribing agency |
DLC |
| Modifying agency |
NNC |
| -- |
OrLoB-B |
| 042 ## - AUTHENTICATION CODE |
| Authentication code |
pcc |
| 050 00 - LIBRARY OF CONGRESS CALL NUMBER |
| Classification number |
TJ213 |
| Item number |
.L419 1999 |
| 082 00 - DEWEY DECIMAL CLASSIFICATION NUMBER |
| Classification number |
629.8 |
| Edition number |
21 |
| Author Mark |
CON |
| 100 1# - MAIN ENTRY--PERSONAL NAME |
| Personal name |
Levine, W. S. |
| 9 (RLIN) |
84448 |
| 245 10 - TITLE STATEMENT |
| Title |
Control System Fundamentals / |
| Statement of responsibility, etc. |
William S. Levine. |
| 250 ## - EDITION STATEMENT |
| Edition statement |
2nd |
| 260 ## - PUBLICATION, DISTRIBUTION, ETC. |
| Place of publication, distribution, etc. |
Boca Raton, Fla. : |
| Name of publisher, distributor, etc. |
CRC Press, |
| Date of publication, distribution, etc. |
2000. |
| 263 ## - PROJECTED PUBLICATION DATE |
| Projected publication date |
9911 |
| 300 ## - PHYSICAL DESCRIPTION |
| Extent |
466 p. : |
| Other physical details |
ill. ; |
| Dimensions |
29 cm. |
| 504 ## - BIBLIOGRAPHY, ETC. NOTE |
| Bibliography, etc. note |
Includes bibliographical references. |
| 505 00 - FORMATTED CONTENTS NOTE |
| Miscellaneous information |
Sect. I. |
| Title |
Mathematical Foundations. |
| Miscellaneous information |
1. |
| Title |
Mathematical Foundations / |
| Statement of responsibility |
B. P. Lathi. |
| Miscellaneous information |
2. |
| Title |
The Fourier, Laplace, and z-Transforms / |
| Statement of responsibility |
Edward W. Kamen. |
| Miscellaneous information |
3. |
| Title |
Matrices and Linear Algebra / |
| Statement of responsibility |
Bradley W. Dickinson. |
| Miscellaneous information |
4. |
| Title |
Complex Variables / |
| Statement of responsibility |
C. W. Gray -- |
| Miscellaneous information |
Sect. II. |
| Title |
Models for Dynamical Systems. |
| Miscellaneous information |
5. |
| Title |
Standard Mathematical Models. |
| Miscellaneous information |
6. |
| Title |
Graphical Models. |
| Miscellaneous information |
7. |
| Title |
Determining Models -- |
| Miscellaneous information |
Sect. III. |
| Title |
Analysis and Design Methods for Continous-Time Systems. |
| Miscellaneous information |
8. |
| Title |
Analysis Methods. |
| Miscellaneous information |
9. |
| Title |
Stability Tests. |
| Miscellaneous information |
10. |
| Title |
Design Methods -- |
| Miscellaneous information |
Sect. IV. |
| Title |
Digital Control. |
| Miscellaneous information |
11. |
| Title |
Discrete-Time Systems / |
| Statement of responsibility |
Mohammed S. Santina, Allen R. Stubberud and Gene H. Hostetter. |
| Miscellaneous information |
12. |
| Title |
Sampled Data Systems / |
| Statement of responsibility |
A. Feuer and G. C. Goodwin. |
| Miscellaneous information |
13. |
| Title |
Discrete-Time Equivalents to Continuous-Time Systems / |
| Statement of responsibility |
Mohammed S. Santina, Allen R. Stubberud and Gene H. Hostetter. |
| Miscellaneous information |
14. |
| Title |
Design Methods for Discrete-Time, Linear Time-Invariant Systems / |
| Statement of responsibility |
Mohammed S. Santina, Allen R. Stubberud and Gene H. Hostetter. |
| 505 80 - FORMATTED CONTENTS NOTE |
| Miscellaneous information |
15. |
| Title |
Quantization Effects / |
| Statement of responsibility |
Mohammed S. Santina, Allen R. Stubberud and Gene H. Hostetter. |
| Miscellaneous information |
16. |
| Title |
Sample-Rate Selection / |
| Statement of responsibility |
Mohammed S. Santina, Allen R. Stubberud and Gene H. Hostetter. |
| Miscellaneous information |
17. |
| Title |
Real-Time Software for Implementation of Feedback Control / |
| Statement of responsibility |
David M. Auslander, John R. Ridgely and Jason C. Jones. |
| Miscellaneous information |
18. |
| Title |
Programmable Controllers / |
| Statement of responsibility |
Gustaf Olsson -- |
| Miscellaneous information |
Sect. V. |
| Title |
Analysis and Design Methods for Nonlinear Systems. |
| Miscellaneous information |
19. |
| Title |
Analysis Methods / |
| Statement of responsibility |
Derek P. Atherton. |
| Miscellaneous information |
20. |
| Title |
Design Methods -- |
| Miscellaneous information |
Sect. VI. |
| Title |
Software for Control System Analysis and Design. |
| Miscellaneous information |
21. |
| Title |
Numerical and Computational Issues in Linear Control and System Theory / |
| Statement of responsibility |
A. J. Laub, R. V. Patel and P. M. Van Dooren. |
| Miscellaneous information |
22. |
| Title |
Software for Modeling and Simulating Control Systems / |
| Statement of responsibility |
Martin Otter and Francois E. Cellier. |
| Miscellaneous information |
23. |
| Title |
Computer-Aided Control Systems Design / |
| Statement of responsibility |
C. Magnus Rimvall and Christopher P. Jobling. |
| 520 1# - SUMMARY, ETC. |
| Summary, etc. |
"Relevant to any application you might need to investigate, Control System Fundamentals fills your need for a comprehensive treatment of the basic principles of control system engineering.". |
| 520 8# - SUMMARY, ETC. |
| Summary, etc. |
"This overview furnishes the underpinnings of modern control systems. Beginning with a review of the required mathematics, major subsections cover digital control and modeling. An international panel of experts discusses the specification of control systems techniques for dealing with the most common and important control system nonlinearities and digital implementation of control systems, with complete references. |
| 520 8# - SUMMARY, ETC. |
| Summary, etc. |
This framework yields a primary resource that also directs you to more detailed articles and books."--BOOK JACKET. |
| 563 ## - BINDING INFORMATION |
| Binding note |
Hardcover |
| 650 #0 - SUBJECT ADDED ENTRY--TOPICAL TERM |
| Topical term or geographic name entry element |
Automatic control. |
| 9 (RLIN) |
84449 |
| 650 #0 - SUBJECT ADDED ENTRY--TOPICAL TERM |
| Topical term or geographic name entry element |
Control theory. |
| 9 (RLIN) |
84450 |
| 900 ## - EQUIVALENCE OR CROSS-REFERENCE-PERSONAL NAME [LOCAL, CANADA] |
| Numeration |
TOC |
| 942 ## - ADDED ENTRY ELEMENTS (KOHA) |
| Source of classification or shelving scheme |
|
| Koha item type |
Book |